000 00749nmm a2200265 a 4500
003 AR-BaBNM
005 20251128211427.0
008 304020s1998 ||||||||||||||000 | spa||
020 _a987-507-069-6
040 _cAR-BaBNM
100 1 _aNuñez Santiago, Beatriz
245 1 0 _aPolíticas públicas y dereho alimentario
_bdel GATT a la OMC en Latinoamérica y el Caribe
260 _aBuenos Aires
_bCiudad Argentina
_c1998
300 0 _a266 p.
650 4 _aPOLITICAS PUBLICAS
650 4 _aINTEGRACION REGIONAL
650 4 _aINTEGRACION POLITICA
650 4 _aRELACIONES ECONOMICAS
650 4 _aALIMENTACION
650 4 _aLEGISLACION ECONOMICA
651 4 _aAmérica Latina
651 4 _aCaribe
942 _cBK
998 _cMariana
999 _c19644
_d19644